Mathura sculptures (Record no. 909674)

MARC details
000 -LEADER
fixed length control field 00912nam a2200265Ia 4500
003 - CONTROL NUMBER IDENTIFIER
control field OSt
005 - DATE AND TIME OF LATEST TRANSACTION
control field 20221002044128.0
008 - FIXED-LENGTH DATA ELEMENTS--GENERAL INFORMATION
fixed length control field 220930b |||||||| |||| 00| 0 eng d
020 ## - INTERNATIONAL STANDARD BOOK NUMBER
International Standard Book Number 817574152X
037 ## - SOURCE OF ACQUISITION
Terms of availability Reference Collections
040 ## - CATALOGING SOURCE
Original cataloging agency CRL
Transcribing agency CRL
Language of cataloging eng
041 ## - LANGUAGE CODE
Source of code eng
Language code of text/sound track or separate title eng
100 ## - MAIN ENTRY--PERSONAL NAME
Personal name Joshi N. P.
9 (RLIN) 42629
245 #0 - TITLE STATEMENT
Title Mathura sculptures
Remainder of title An illustrated handbook to appreciate sculptures in the Government Museum, Mathur
260 ## - PUBLICATION, DISTRIBUTION, ETC.
Place of publication, distribution, etc. New Delhi
Name of publisher, distributor, etc. Sundeep Prakashan India
Date of publication, distribution, etc. 2004
300 ## - PHYSICAL DESCRIPTION
Extent 82p. 101 plates
Dimensions cm.
650 ## - SUBJECT ADDED ENTRY--TOPICAL TERM
Topical term or geographic name entry element ARTS
650 ## - SUBJECT ADDED ENTRY--TOPICAL TERM
Topical term or geographic name entry element INDIAN SCULPTURE - MATHURA
9 (RLIN) 569026
942 ## - ADDED ENTRY ELEMENTS (KOHA)
Classification part ND445245,D, P4(RR)
Koha item type
Source of classification or shelving scheme Colon Classification (CC)

No items available.

Copyright @ Delhi University Library System